Catálogo público

El colesterol: lo bueno y lo malo / (Record no. 174061)

MARC details
000 -CABECERA
campo de control de longitud fija 00652nam a2200241Ia 4500
001 - NÚMERO DE CONTROL
campo de control dia_3580
003 - IDENTIFICADOR DEL NÚMERO DE CONTROL
campo de control CHAP
005 - FECHA Y HORA DE LA ÚLTIMA TRANSACCIÓN
campo de control 20230331095413.0
008 - DATOS DE LONGITUD FIJA--INFORMACIÓN GENERAL
campo de control de longitud fija 220117s2002 xx 000 0 und d
010 ## - NÚMERO DE CONTROL DE LA BIBLIOTECA DEL CONGRESO
Número de control de LC 174061
040 ## - FUENTE DE LA CATALOGACIÓN
Centro/agencia transcriptor CHAP
082 ## - NÚMERO DE LA CLASIFICACIÓN DECIMAL DEWEY
Número de clasificación 547.731 t8
100 ## - ENTRADA PRINCIPAL--NOMBRE DE PERSONA
Nombre de persona Tudela, Victoria
9 (RLIN) 154945
245 ## - MENCIÓN DE TÍTULO
Título El colesterol: lo bueno y lo malo /
Mención de responsabilidad, etc. Victoria Tudela
260 ## - PUBLICACIÓN, DISTRIBUCIÓN, ETC.
Lugar de publicación, distribución, etc. México :
Nombre del editor, distribuidor, etc. F.C.E.,
Fecha de publicación, distribución, etc. 2002
440 ## - MENCIÓN DE SERIE/PUNTO DE ACCESO ADICIONAL--TÍTULO
Título La ciencia para todos, 140
9 (RLIN) 154946
500 ## - NOTA GENERAL
Nota general C/e
650 ## - PUNTO DE ACCESO ADICIONAL DE MATERIA--TÉRMINO DE MATERIA
Término de materia o nombre geográfico como elemento de entrada Colesterol
9 (RLIN) 25130
901 ## - ELEMENTOS DE DATOS A LOCAL LDA (RLIN)
a 547.731 T8
902 ## - ELEMENTOS DE DATOS B LOCAL, LDB (RLIN)
a M
905 ## - ELEMENTOS DE DATOS E LOCAL, LDE (RLIN)
a 0000002002 mx A 0000000000spa00
942 ## - ELEMENTOS DE PUNTO DE ACCESO ADICIONAL (KOHA)
Tipo de ítem Koha Libro
Fuente del sistema de clasificación o colocación Dewey Decimal Classification
Holdings
Estado de retiro Estado de pérdida Fuente del sistema de clasificación o colocación Estado dañado No para préstamo Código de colección Localización permanente Ubicación/localización actual Fecha de adquisición Información codificada de la localización en otra ubicación Total de préstamos Signatura topográfica completa Código de barras Fecha visto por última vez Número de copia Precio válido a partir de Tipo de ítem Koha
    Dewey Decimal Classification     General Ingenieria Agroindustrial Ingenieria Agroindustrial 18/01/2022 1   547.731 t8 dia_6092 18/01/2022 1 18/01/2022 Libro